Normal view
MARC view
- MS-COMPUTER ENGINEERING-71
Entry Topical Term
001 - CONTROL NUMBER
- control field: 85073
003 - CONTROL NUMBER IDENTIFIER
- control field: NUST
005 - DATE AND TIME OF LATEST TRANSACTION
- control field: 20211125095520.0
008 - FIXED-LENGTH DATA ELEMENTS
- fixed length control field: 211125|| aca||aabn | a|a d
040 ## - CATALOGING SOURCE
- Original cataloging agency: NUST
- Transcribing agency: NUST
150 ## - HEADING--TOPICAL TERM
- Topical term or geographic name entry element: MS-COMPUTER ENGINEERING-71
670 ## - SOURCE DATA FOUND
- Source citation: Work cat.: (NUST)577092: SaadUllah, 85072, TH-SOF-1203-Linear Quadratic Sampled-Data Regulation Based On Realizable Reconstruction Filte, 2015
